000 00632nam a2200217 a 4500
001 000008160
005 20200929154449.0
008 090915s2003 dr r 000 0 spa d
020 _a9993433683
040 _aDO-SdBNP
_bspa
_cBNPHU
082 _a641.5636
_bR763c
100 0 _aRomero
_922155
245 1 0 _aCocina vegetariana :
_brecetas platos caseros /
_cRomero.
260 _aSanto Domingo, :
_bFenix,
_c2003.
300 _a74 p. ;
_c21 cm.
490 1 _aSalud y vida
590 _aInventariado, 2018/BT
650 4 _aCocina vegetariana
_9361
830 0 _aSalud y vida
_922156
910 _aValidado. Control de calidad. MMOLINA
999 _c7937
_d7937